|
|
|
|
| LEADER |
00000nam0a2200000 4500 |
| 001 |
338731 |
| 005 |
20231102005057.0 |
| 035 |
|
|
|a (RuTPU)RU\TPU\book\365235
|
| 090 |
|
|
|a 338731
|
| 100 |
|
|
|a 20171201d1977 km y0rusy50 ca
|
| 101 |
0 |
|
|a rus
|
| 102 |
|
|
|a UA
|
| 105 |
|
|
|a a z 001zy
|
| 200 |
1 |
|
|a Тепловые процессы в фонтанирующем слое
|f М. И. Рабинович
|g Академия наук Украинской ССР (АН УССР), Институт технической теплофизики (ИТТФ)
|
| 210 |
|
|
|a Киев
|c Наукова думка
|d 1977
|
| 215 |
|
|
|a 172 с.
|c ил.
|
| 320 |
|
|
|a Библиогр.: с. 161-171
|
| 606 |
1 |
|
|a Кипящий слой
|x Теплообмен
|2 stltpush
|3 (RuTPU)RU\TPU\subj\31815
|9 54567
|
| 610 |
1 |
|
|a формирование
|
| 610 |
1 |
|
|a характеристики
|
| 610 |
1 |
|
|a скорость
|
| 610 |
1 |
|
|a сопротивление
|
| 610 |
1 |
|
|a структура
|
| 610 |
1 |
|
|a устойчивость
|
| 610 |
1 |
|
|a теплообмен
|
| 610 |
1 |
|
|a поверхность
|
| 610 |
1 |
|
|a тепловая обработка
|
| 610 |
1 |
|
|a дисперсные материалы
|
| 610 |
1 |
|
|a моделирование
|
| 610 |
1 |
|
|a массообмен
|
| 610 |
1 |
|
|a применение
|
| 675 |
|
|
|a 66.096.5
|v 4
|
| 700 |
|
1 |
|a Рабинович
|b М. И.
|g Моисей Иосифович
|
| 712 |
0 |
2 |
|a Академия наук Украинской ССР (АН УССР)
|b Институт технической теплофизики (ИТТФ)
|c (Киев)
|2 stltpush
|3 (RuTPU)RU\TPU\col\1122
|
| 801 |
|
1 |
|a RU
|b 63413507
|c 20171201
|
| 801 |
|
2 |
|a RU
|b 63413507
|c 20171201
|g RCR
|
| 942 |
|
|
|c BK
|